Contemporary Management (Record no. 1742)

MARC details
005 - DATE AND TIME OF LATEST TRANSACTION
control field 20250428174137.0
020 ## - INTERNATIONAL STANDARD BOOK NUMBER
International Standard Book Number 978-0-07-353043-7
082 ## - DEWEY DECIMAL CLASSIFICATION NUMBER
Classification number 658 JON
100 ## - MAIN ENTRY--PERSONAL NAME
Author name JONES, G. R.
245 ## - TITLE STATEMENT
Title Contemporary Management
250 ## - EDITION STATEMENT
Edition statement 6th Ed
260 ## - PUBLICATION, DISTRIBUTION, ETC.
Place of publication, distribution, etc. New York,
Name of publisher, distributor, etc. McGraw- Hill,
Date of publication, distribution, etc. 2009.
300 ## - PHYSICAL DESCRIPTION
Extent Xl, 730p.: ill.; figure, picture
Other physical details Glossary & Index
Dimensions 28cm
700 ## - ADDED ENTRY--PERSONAL NAME
Other authors/Editors GEOGRE, J. M.
856 ## - ELECTRONIC LOCATION AND ACCESS
Link text Access Online Book
Electronic name Management
Path www.mhhe.com/ jonesgeogre6e
942 ## - ADDED ENTRY ELEMENTS (KOHA)
Source of classification or shelving scheme Dewey Decimal Classification
Koha item type Books
Holdings
Date last seen Total checkouts Full call number Barcode Cost, replacement price Price effective from Koha item type Lost status Source of classification or shelving scheme Damaged status Not for loan Withdrawn status Home library Current library Shelving location Date acquired Cost, normal purchase price
06/26/2025   658JON DOM0001098 150000.00 06/26/2025 Books   Dewey Decimal Classification       CBE Dodoma CBE Dodoma General Collection 11/28/2014 50000.00
06/26/2025   658JON DOM0001101 150000.00 06/26/2025 Books   Dewey Decimal Classification       CBE Dodoma CBE Dodoma General Collection 11/28/2014 50000.00
06/26/2025   658JON DOM0001057 150000.00 06/26/2025 Books   Dewey Decimal Classification       CBE Dodoma CBE Dodoma General Collection 11/28/2014 50000.00
06/26/2025   658JON DOM0001062 150000.00 06/26/2025 Books   Dewey Decimal Classification       CBE Dodoma CBE Dodoma General Collection 11/28/2014 50000.00
06/26/2025   658JON DOM0001064 150000.00 06/26/2025 Books   Dewey Decimal Classification       CBE Dodoma CBE Dodoma General Collection 11/28/2014 50000.00
06/26/2025   658JON DOM0001063 150000.00 06/26/2025 Books   Dewey Decimal Classification       CBE Dodoma CBE Dodoma General Collection 11/28/2014 50000.00
06/26/2025   658JON DOM0001070 150000.00 06/26/2025 Books   Dewey Decimal Classification       CBE Dodoma CBE Dodoma General Collection 11/28/2014 50000.00
06/26/2025   658JON DOM0001065 150000.00 06/26/2025 Books   Dewey Decimal Classification       CBE Dodoma CBE Dodoma General Collection 11/28/2014 50000.00
06/26/2025   658JON DOM0001069 150000.00 06/26/2025 Books   Dewey Decimal Classification       CBE Dodoma CBE Dodoma General Collection 11/28/2014 50000.00
06/26/2025   658JON DOM0001059 150000.00 06/26/2025 Books   Dewey Decimal Classification       CBE Dodoma CBE Dodoma General Collection 11/28/2014 50000.00
06/26/2025   658JON DOM0001058 150000.00 06/26/2025 Books   Dewey Decimal Classification       CBE Dodoma CBE Dodoma General Collection 11/28/2014 50000.00
06/30/2025   658.8VAN DOM0004520 150000.00 06/30/2025 Books   Dewey Decimal Classification       CBE Dodoma CBE Dodoma General Collection 12/08/2014 50000.00
04/28/2025   658 JON 0000006654 150000.00 04/28/2025 Books   Dewey Decimal Classification       College of Business Education Main Library College of Business Education Main Library General Collection 11/28/2014 50000.00